| Tag |
First Indicator |
Second Indicator |
Subfields |
| LEADER |
00000cam a2200000 a 4500 |
| 001 |
in00001403380 |
| 005 |
20151020055508.0 |
| 008 |
980128s1997 au a b 100 0 eng d |
| 020 |
|
|
|a 3211830499
|
| 035 |
|
|
|a (OCoLC)38279667
|
| 035 |
|
|
|9 AHN4618AM
|
| 040 |
|
|
|a JNA
|c JNA
|d TXA
|d UtOrBLW
|
| 049 |
|
|
|a TXAM
|
| 090 |
|
|
|a T385
|b .V593 1997
|
| 111 |
2 |
|
|a Visualization in Scientific Computing '97
|d (1997 :
|c Boulogne-sur-Mer, France)
|
| 245 |
1 |
0 |
|a Visualization in Scientific Computing '97 :
|b proceedings of the Eurographics workshop in Boulogne-sur-Mer, France, April 28-30, 1997 : Eurographics /
|c W. Lefer and M. Grave, eds.
|
| 246 |
3 |
0 |
|a Eurographics
|
| 264 |
|
1 |
|a Wien ;
|a New York :
|b Springer,
|c [1997]
|
| 264 |
|
4 |
|c ©1997
|
| 300 |
|
|
|a vi, 187 pages :
|b illustrations (some color) ;
|c 25 cm.
|
| 336 |
|
|
|a text
|b txt
|2 rdacontent
|
| 337 |
|
|
|a unmediated
|b n
|2 rdamedia
|
| 338 |
|
|
|a volume
|b nc
|2 rdacarrier
|
| 490 |
1 |
|
|a Springer computer science,
|x 0946-2767
|
| 504 |
|
|
|a Includes bibliographical references.
|
| 650 |
|
0 |
|a Computer graphics
|v Congresses.
|
| 650 |
|
0 |
|a Visualization
|v Congresses.
|
| 700 |
1 |
|
|a Lefer, W.
|
| 700 |
1 |
|
|a Grave, M.
|q (Michel),
|d 1952-
|
| 830 |
|
0 |
|a Springer computer science.
|x 0946-2767
|
| 999 |
|
|
|a MARS
|
| 999 |
f |
f |
|s d7ff8f22-6e73-3920-b66f-abdf323a8e57
|i d28bf75c-9699-3251-ae30-8f9881e96b43
|t 0
|
| 952 |
f |
f |
|p ric
|a Texas A&M University
|b Rellis Campus
|c Joint Library Facility
|d Remote Storage
|t 0
|e T385 .V593 1997
|h Library of Congress classification
|i unmediated -- volume
|m A14822135218
|
| 998 |
f |
f |
|a T385 .V593 1997
|t 0
|l Remote Storage
|